[Event "26th Bunratty Masters 2019"]
[Site "Bunratty"]
[Date "2019.02.23"]
[Round "2.3"]
[White "Li, Henry"]
[Black "Short, Nigel D"]
[Result "0-1"]
[WhiteElo "2287"]
[BlackElo "2648"]
[Annotator "TA"]
[PlyCount "76"]
[EventDate "2019.02.22"]
[EventType "swiss"]
[EventCountry "IRL"]
[SourceTitle "playchess.com"]
[Source "ChessBase"]
[SourceQuality "1"]

{[%evp 25,76,25,25,20,15,16,22,0,33,11,33,32,39,18,14,0,0,-27,0,-8,0,-40,-17,-19,-10,-72,-72,-57,-81,-68,-62,-77,-61,-176,-170,-180,-176,-210,-168,-235,-219,-310,-298,-343,-337,-316,-355,-458,-468,-483,-467,-458,-434]} 1. e4 e5 2. Nf3 Nc6 3. Bb5 a6 4. Ba4 Nf6 5. O-O Be7 6. Re1 b5 7. Bb3 d6 8. c3 O-O 9. h3 Na5 10. Bc2 c5 11. d4 Nd7 12. Nbd2 {[%cal Bb1d2,Bd2f1,Bf1g3,Bg3f5][%mdl 32]} cxd4 13. cxd4 Nc6 14. d5 {C96: Closed Ruy Lopez: Chigorin Defence: 11 d4, replies other than 11...Qc7} Nb4 15. Bb1 {Strongly threatening a3.} a5 {[#]} 16. b3 $146 {The position is equal.} ({Predecessor:} 16. a3 Na6 17. b4 Nb6 18. bxa5 Na4 19. Nb3 N6c5 20. Nxc5 {½-½ (20) Timoshenko,G (2572)-Erdos,V (2608) Trieste 2011}) 16... Nc5 17. Nf1 Bd7 18. Be3 {And now Bxc5 would win.} Qc7 19. Qd2 Rfc8 20. Ng3 Nba6 21. Nf5 Bf8 (21... Bxf5 $5 22. exf5 Qb7 $15) 22. Nh2 b4 23. f4 Bxf5 24. exf5 f6 25. Bc2 {[#]} (25. Nf1 $11 {remains equal.}) 25... Na4 $1 $17 {[%mdl 512]} 26. Bd3 (26. bxa4 Qxc2) 26... Nc3 $1 27. Bc4 Kh8 28. a4 Nc5 29. Rec1 {[#]} (29. Bxc5 $1 $15 Qxc5+ 30. Kh1) 29... Qd7 $1 $19 30. g4 {[#]} N5xa4 $1 {[%mdl 512]} 31. Nf3 (31. Rxa4 Rxc4) 31... Nc5 32. Nh4 (32. Kh2 $142) 32... Qe8 33. fxe5 (33. Ng2 $142) 33... N5e4 ({Inferior is} 33... dxe5 34. d6 $11) ({Less strong is} 33... fxe5 34. Kg2 $17) (33... Qxe5 34. Nf3 $15) 34. Qe1 dxe5 (34... fxe5 $2 35. Nf3 $19) 35. Bd3 Bd6 36. Rc2 Nc5 {Black is clearly winning.} 37. Bc4 a4 38. Bxc5 Rxc5 {Accuracy: White = 26%, Black = 80%.} ({Not} 38... Bxc5+ 39. Kh1 $19) 0-1

[Event "26th Bunratty Masters 2019"]
[Site "Bunratty"]
[Date "2019.02.23"]
[Round "2.4"]
[White "Turner, Matthew J"]
[Black "Delaney, Killian"]
[Result "1-0"]
[WhiteElo "2519"]
[BlackElo "2234"]
[Annotator "TA"]
[PlyCount "51"]
[EventDate "2019.02.22"]
[EventType "swiss"]
[EventCountry "IRL"]
[SourceTitle "playchess.com"]
[Source "ChessBase"]
[SourceQuality "1"]

{[%evp 18,51,33,34,43,33,28,24,35,49,60,0,1,0,5,2,23,16,22,26,31,25,25,24,38,45,117,113,138,138,142,139,135,140,142,131]} 1. c4 e5 2. g3 c6 3. d4 exd4 4. Qxd4 d5 5. Bg2 Nf6 6. Nf3 Be7 7. O-O O-O 8. cxd5 cxd5 9. Nc3 Nc6 10. Qd3 h6 {A20: English Opening: 1...e5} 11. Bf4 Be6 (11... Nb4 12. Qb1 Be6 13. Nb5 Rc8 14. Nxa7 Rc4 15. a4 Nc2 16. b3 Rc5 17. Ra2 Bf5 18. Qb2 {1-0 (40) Yang,K (2415)-Belous,V (2567) Philadelphia 2017}) 12. Nd4 Nxd4 {White has an edge.} 13. Qxd4 Qa5 14. Qa4 $146 ({White should try} 14. Be5 $14) ({Predecessor:} 14. a3 Rac8 15. b4 Qa6 16. Bxd5 Rfd8 17. e4 Nxd5 18. Nxd5 Bxd5 19. exd5 Bf6 20. Be5 Rc4 21. Qe3 Rxd5 22. Bxf6 Qxf6 {½-½ (23) Gierse,H-Demuth,K Germany 1987}) 14... Qxa4 $11 15. Nxa4 Rac8 16. Rac1 b5 17. Nc3 b4 18. Nb5 Ne4 19. Be5 Bc5 {[#] White must now prevent ...Bxf2+.} 20. Bd4 Bxd4 21. Nxd4 Rxc1 ({Better is} 21... a5 $14) 22. Rxc1 $16 Rc8 23. Rxc8+ {White is clearly better.} Bxc8 24. Nc6 {[#] aiming for Ne7+.} Kf8 25. Nxb4 Be6 26. Nc6 1-0

[Event "26th Bunratty Masters 2019"]
[Site "Bunratty"]
[Date "2019.02.23"]
[Round "2.5"]
[White "O'Gorman, Tom"]
[Black "Williams, Simon K"]
[Result "1-0"]
[WhiteElo "2248"]
[BlackElo "2471"]
[Annotator "TA"]
[PlyCount "113"]
[EventDate "2019.02.22"]
[EventType "swiss"]
[EventCountry "IRL"]
[SourceTitle "playchess.com"]
[Source "ChessBase"]
[SourceQuality "1"]

{[%evp 12,113,49,33,50,35,31,39,43,42,31,9,42,35,62,48,68,69,123,106,127,109,124,110,160,63,127,124,143,135,177,172,193,175,197,200,190,197,174,163,171,137,172,144,142,84,80,145,235,238,341,332,483,506,558,426,406,389,445,428,444,434,394,209,193,201,194,199,351,347,349,347,314,335,1128,972,1188,1282,1216,850,848,846,835,829,825,808,2533,1835,1340,623,616,595,931,918,958,983,797,787,947,904,805,595,1923,1489]} 1. e4 c5 2. Nf3 d6 3. d4 cxd4 4. Nxd4 Nf6 5. Nc3 g6 6. Be3 a6 7. Be2 Nbd7 {[%cal Bb8d7,Bd7e5,Be5c4][%mdl 32] B92: Sicilian Najdorf: 6 Be2} (7... Bg7 8. Qd2 Nbd7 9. g4 d5 10. exd5 Nb6 11. O-O-O Bxg4 12. f3 Bd7 13. Nb3 Nc8 14. Ne4 Nd6 15. Nbc5 O-O 16. Nxf6+ Bxf6 {½-½ (58) Eljanov,P (2755)-Jobava,B (2713) Malmo 2017}) 8. g4 h5 $146 ({Predecessor:} 8... d5 9. exd5 Ne5 10. Rg1 Nxd5 11. Nxd5 Qxd5 12. Nb3 Qxd1+ 13. Rxd1 Bg7 {½-½ (61) Gomez Garrido,C (2546)-Morovic Fernandez,I (2572) Varadero 2016}) 9. g5 Ng4 $1 {White is slightly better.} 10. Bxg4 hxg4 11. Qxg4 Ne5 (11... Nb6 $5 {[%cal Rc8g4]} 12. Qe2 Bh3 $11) 12. Qe2 $36 {[%mdl 2048] White has the initiative.} Rh3 13. f3 b5 14. O-O-O Bb7 (14... Nc4 $14) 15. Nd5 $16 Nc4 16. Kb1 $1 Bg7 17. Bc1 $1 e6 18. Ne3 (18. Nf4 $16 Rh7 19. b3) 18... Rc8 (18... Qc7 $14) 19. Ng4 Qb6 20. Nf6+ Bxf6 21. gxf6 e5 22. Qg2 Rh8 23. Ne2 b4 24. b3 Na3+ 25. Bxa3 $1 bxa3 26. Rd3 d5 27. exd5 Qxf6 {Threatening ...e4!} 28. Qg4 (28. c3 $142 $1) 28... Rh4 {[#]} 29. Qg1 $1 Rb4 {[#]} (29... Rh3 $16) 30. Qc1 $1 $18 Rb5 (30... a5 {might work better.} 31. Qxa3 Ba6) 31. Nc3 ({Weaker is} 31. Qxa3 Rxd5 32. Rxd5 Bxd5 $11) 31... Ra5 (31... Rxc3 {was necessary.} 32. Rxc3 Rxd5 33. Qxa3 Qd8) 32. Ne4 Qd8 33. d6 {Hoping for d7+.} Kd7 34. Qh6 Bxe4 35. fxe4 Qf6 36. Qh3+ Qe6 {If only Black now had time for ...Qxh3....} 37. Qxe6+ (37. Qh4 $142) 37... Kxe6 {[%mdl 4096] Endgame KRR-KRR} 38. d7 Rd8 39. Rhd1 f5 $2 (39... Ke7 {was worth a try.} 40. Rd6 Rb5 41. Rxa6 Rxd7 42. Rxd7+ Kxd7 43. Rxa3 Rb4) 40. Rd6+ Kf7 41. exf5 gxf5 42. R6d5 Rxd5 $2 (42... Rb5 43. Rd6 Ke7) 43. Rxd5 {KR-KR. White is clearly winning.} Ke6 44. c4 f4 45. Kc2 e4 46. h4 f3 47. Kd2 f2 48. Ke2 e3 49. h5 Rf8 50. d8=N+ {KRN-KR} (50. Rd1 $142 a5 51. c5) 50... Kf6 51. Rd1 Kf5 52. Kxe3 Kg4 53. Ke2 f1=N 54. Rxf1 Re8+ 55. Kd3 Rxd8+ 56. Kc3 a5 57. Rh1 {Accuracy: White = 78%, Black = 44%.} 1-0

[Event "26th Bunratty Masters 2019"]
[Site "Bunratty"]
[Date "2019.02.23"]
[Round "2.6"]
[White "Steil-Antoni, Fiona"]
[Black "Lalic, Bogdan"]
[Result "1/2-1/2"]
[WhiteElo "2166"]
[BlackElo "2406"]
[Annotator "TA"]
[PlyCount "40"]
[EventDate "2019.02.22"]
[EventType "swiss"]
[EventCountry "IRL"]
[SourceTitle "playchess.com"]
[Source "ChessBase"]
[SourceQuality "1"]

{[%evp 21,40,37,55,0,9,0,6,0,0,0,0,0,12,0,0,0,0,0,0,0,55]} 1. e4 c5 2. Nf3 e6 3. c3 Nf6 4. e5 Nd5 5. d4 cxd4 6. cxd4 b6 7. Bd3 Ba6 8. O-O Bxd3 9. Qxd3 Be7 10. Nc3 Nxc3 11. bxc3 d5 12. Ne1 $146 {B22: Sicilian: 2 c3} ({White should try} 12. exd6 $1 $14 Bxd6 13. Ng5) ({Predecessor:} 12. exd6 Qxd6 13. Qe4 Qc6 14. Qg4 Bf6 15. Ba3 Nd7 16. Rfe1 Qxc3 17. Qe4 Rd8 18. Bd6 Qc8 19. Rac1 Qa8 {1-0 (37) Seidl,S (2211)-Krejci,J (2533) Czechia 2015}) 12... O-O {The position is equal.} 13. f4 Nc6 14. f5 {[#] f6! is the strong threat.} f6 15. exf6 Rxf6 16. fxe6 Rxe6 17. Nf3 Qd7 18. Bf4 Bf6 19. Rae1 Rxe1 20. Rxe1 Re8 ({Better is} 20... Rf8 $11) 1/2-1/2

[Event "26th Bunratty Masters 2019"]
[Site "Bunratty"]
[Date "2019.02.23"]
[Round "3.1"]
[White "Wells, Peter K"]
[Black "McShane, Luke J"]
[Result "0-1"]
[WhiteElo "2415"]
[BlackElo "2663"]
[Annotator "ChessBase"]
[PlyCount "69"]
[EventDate "2019.02.22"]
[EventType "swiss"]
[EventCountry "IRL"]
[SourceTitle "playchess.com"]
[Source "ChessBase"]
[SourceQuality "1"]
[TimeControl "40/5400+30:900+30"]

1. d4 {[%emt 0:06:58]} Nf6 {[%emt 0:00:19]} 2. c4 {[%emt 0:00:28]} c5 {[%emt 0:00:27]} 3. Nf3 {[%emt 0:02:55]} cxd4 {[%emt 0:06:09]} 4. Nxd4 {[%emt 0:00:40]} b6 {[%emt 0:00:19]} 5. Nc3 {[%emt 0:04:03]} Bb7 {[%emt 0:01:09]} 6. Bg5 {[%emt 0:02:02]} a6 {[%emt 0:03:36]} 7. Bxf6 {[%emt 0:07:17]} gxf6 {[%emt 0:00:22]} 8. e3 {[%emt 0:00:18]} e6 {[%emt 0:00:51]} 9. Be2 {[%emt 0:26:19]} Bxg2 {[%emt 0:00:24]} 10. Rg1 {[%emt 0:00:18]} Bc6 {[%emt 0:03:31]} 11. Bh5 {[%emt 0:04:53]} Qe7 {[%emt 0:04:37]} 12. Qe2 {[%emt 0:05:29]} f5 {[%emt 0:04:34]} 13. O-O-O {[%emt 0:03:25]} Qf6 {[%emt 0:02:20]} 14. f4 {[%emt 0:09:15]} Bb4 {[%emt 0:05:33]} 15. Qd3 {[%emt 0:01:01]} Ra7 {[%emt 0:15:40]} 16. Rg5 {[%emt 0:03:03]} h6 {[%emt 0:03:22]} 17. Rg3 {[%emt 0:00:35]} Rf8 {[%emt 0:03:54]} 18. a3 {[%emt 0:02:03]} Be7 {[%emt 0:16:30]} 19. Nf3 {[%emt 0:02:41]} Bxf3 {[%emt 0:08:34]} 20. Bxf3 {[%emt 0:00:21]} Rc7 {[%emt 0:00:20]} 21. Kb1 {[%emt 0:00:37]} d6 {[%emt 0:09:41]} 22. Na4 {[%emt 0:01:12]} Nd7 {[%emt 0:00:51]} 23. Qb3 {[%emt 0:01:15]} b5 {[%emt 0:03:51]} 24. cxb5 {[%emt 0:00:49]} axb5 {[%emt 0:00:18]} 25. Qxb5 {[%emt 0:00:30]} d5 {[%emt 0:00:42]} 26. Rgg1 {[%emt 0:01:54]} Bd6 {[%emt 0:01:05]} 27. Nb6 {[%emt 0:05:19]} Rb7 {[%emt 0:03:29]} 28. Nxd7 {[%emt 0:00:49]} Rxd7 {[%emt 0:00:19]} 29. Bxd5 {[%emt 0:04:05]} exd5 {[%emt 0:00:20]} 30. Rxd5 {[%emt 0:00:17]} Ke7 {[%emt 0:00:32]} 31. Rgd1 {[%emt 0:00:26]} Qe6 {[%emt 0:00:49]} 32. Rxf5 {[%emt 0:02:49]} Rb8 {[%emt 0:00:20]} 33. Qd3 {[%emt 0:00:45]} Rb3 {[%emt 0:00:49]} 34. Qc2 {[%emt 0:01:08]} Rdb7 {[%emt 0:00:37]} 35. Rxd6 {[%emt 0:01:12]} 0-1

[Event "26th Bunratty Masters 2019"]
[Site "Bunratty"]
[Date "2019.02.23"]
[Round "3.2"]
[White "Short, Nigel D"]
[Black "Bates, Richard A"]
[Result "1-0"]
[WhiteElo "2648"]
[BlackElo "2351"]
[Annotator "ChessBase"]
[PlyCount "71"]
[EventDate "2019.02.22"]
[EventType "swiss"]
[EventCountry "IRL"]
[SourceTitle "playchess.com"]
[Source "ChessBase"]
[SourceQuality "1"]
[TimeControl "40/5400+30:900+30"]

1. e4 {[%emt 0:00:34]} c5 {[%emt 0:00:17]} 2. Nf3 {[%emt 0:00:20]} d6 {[%emt 0:00:32]} 3. d4 {[%emt 0:00:22]} cxd4 {[%emt 0:00:24]} 4. Nxd4 {[%emt 0:00:20]} Nf6 {[%emt 0:00:51]} 5. Nc3 {[%emt 0:00:21]} a6 {[%emt 0:00:34]} 6. a4 {[%emt 0:01:05]} Nc6 {[%emt 0:04:03]} 7. Be2 {[%emt 0:00:28]} e5 {[%emt 0:01:20]} 8. Nxc6 {[%emt 0:01:51]} bxc6 {[%emt 0:00:28]} 9. f4 {[%emt 0:00:17]} a5 {[%emt 0:02:38]} 10. O-O {[%emt 0:00:29]} Be7 {[%emt 0:03:27]} 11. Kh1 {[%emt 0:00:33]} O-O {[%emt 0:01:17]} 12. Qe1 {[%emt 0:00:56]} Rb8 {[%emt 0:14:08]} 13. fxe5 {[%emt 0:07:21]} dxe5 {[%emt 0:00:24]} 14. Qg3 {[%emt 0:00:20]} Rb4 {[%emt 0:04:13]} 15. Bh6 {[%emt 0:01:50]} Ne8 {[%emt 0:01:15]} 16. Rad1 {[%emt 0:00:23]} Qc7 {[%emt 0:04:08]} 17. b3 {[%emt 0:01:08]} Be6 {[%emt 0:04:53]} 18. Bg4 {[%emt 0:04:59]} Qc8 {[%emt 0:13:21]} 19. Bxe6 {[%emt 0:02:57]} Qxe6 {[%emt 0:00:27]} 20. Bc1 {[%emt 0:00:42]} Nf6 {[%emt 0:03:11]} 21. Qf3 {[%emt 0:01:08]} Rd4 {[%emt 0:03:57]} 22. Be3 {[%emt 0:01:01]} Rd7 {[%emt 0:07:56]} 23. Rxd7 {[%emt 0:02:58]} Nxd7 {[%emt 0:00:37]} 24. Nb1 {[%emt 0:00:37]} g6 {[%emt 0:08:08]} 25. g4 {[%emt 0:09:43]} Bc5 {[%emt 0:02:18]} 26. Bh6 {[%emt 0:00:51]} Rd8 {[%emt 0:04:48]} 27. Nd2 {[%emt 0:00:24]} Nb6 {[%emt 0:02:43]} 28. h3 {[%emt 0:02:11]} Bb4 {[%emt 0:01:58]} 29. Qf2 {[%emt 0:02:30]} Nd7 {[%emt 0:04:21]} 30. Nc4 {[%emt 0:04:47]} Nc5 {[%emt 0:02:47]} 31. Qf3 {[%emt 0:02:26]} Rd4 {[%emt 0:01:28]} 32. Nxe5 {[%emt 0:04:51]} Rxe4 {[%emt 0:00:34]} 33. Nxc6 {[%emt 0:03:35]} Nd7 {[%emt 0:02:15]} 34. Nd8 {[%emt 0:02:53]} Qe7 {[%emt 0:00:59]} 35. Nxf7 {[%emt 0:03:24]} Re1 {[%emt 0:00:17]} 36. Ng5 {[%emt 0:00:26]} 1-0

[Event "26th Bunratty Masters 2019"]
[Site "Bunratty"]
[Date "2019.02.23"]
[Round "3.3"]
[White "O'Gorman, Tom"]
[Black "Turner, Matthew J"]
[Result "0-1"]
[WhiteElo "2248"]
[BlackElo "2519"]
[Annotator "ChessBase"]
[PlyCount "55"]
[EventDate "2019.02.22"]
[EventType "swiss"]
[EventCountry "IRL"]
[SourceTitle "playchess.com"]
[Source "ChessBase"]
[SourceQuality "1"]
[TimeControl "40/5400+30:900+30"]

1. e4 {[%emt 0:00:02]} e5 {[%emt 0:00:07]} 2. Nf3 {[%emt 0:00:20]} Nc6 {[%emt 0:00:21]} 3. Bb5 {[%emt 0:00:18]} a6 {[%emt 0:00:18]} 4. Ba4 {[%emt 0:00:18]} Nf6 {[%emt 0:00:21]} 5. O-O {[%emt 0:00:21]} Be7 {[%emt 0:00:58]} 6. Re1 {[%emt 0:00:20]} b5 {[%emt 0:00:26]} 7. Bb3 {[%emt 0:00:18]} d6 {[%emt 0:00:22]} 8. c3 {[%emt 0:00:19]} O-O {[%emt 0:00:23]} 9. h3 {[%emt 0:00:18]} Be6 {[%emt 0:00:42]} 10. d4 {[%emt 0:01:43]} Bxb3 {[%emt 0:00:55]} 11. axb3 {[%emt 0:00:44]} exd4 {[%emt 0:00:35]} 12. cxd4 {[%emt 0:00:25]} Nb4 {[%emt 0:01:08]} 13. Nc3 {[%emt 0:03:51]} c5 {[%emt 0:01:17]} 14. Bg5 {[%emt 0:04:11]} Re8 {[%emt 0:04:24]} 15. e5 {[%emt 0:08:35]} dxe5 {[%emt 0:02:38]} 16. Rxe5 {[%emt 0:02:09]} cxd4 {[%emt 0:02:27]} 17. Qxd4 {[%emt 0:02:07]} Qxd4 {[%emt 0:05:57]} 18. Nxd4 {[%emt 0:00:32]} h6 {[%emt 0:00:36]} 19. Bh4 {[%emt 0:03:12]} g5 {[%emt 0:03:50]} 20. Bg3 {[%emt 0:03:42]} Bf8 {[%emt 0:00:28]} 21. Rae1 {[%emt 0:08:24]} Rxe5 {[%emt 0:02:33]} 22. Bxe5 {[%emt 0:01:04]} Nd7 {[%emt 0:04:58]} 23. Bg3 {[%emt 0:03:02]} Nc5 {[%emt 0:02:28]} 24. Ne4 {[%emt 0:05:35]} Nbd3 {[%emt 0:02:11]} 25. Re3 {[%emt 0:02:03]} Nxe4 {[%emt 0:00:49]} 26. Rxd3 {[%emt 0:01:01]} Nxg3 {[%emt 0:10:19]} 27. Rxg3 {[%emt 0:00:33]} Rd8 {[%emt 0:00:22]} 28. Rg4 {[%emt 0:06:49]} 0-1

[Event "26th Bunratty Masters 2019"]
[Site "Bunratty"]
[Date "2019.02.23"]
[Round "3.4"]
[White "Howell, David W L"]
[Black "Vicas, Marijus"]
[Result "1-0"]
[WhiteElo "2689"]
[BlackElo "2212"]
[Annotator "TA"]
[PlyCount "65"]
[EventDate "2019.02.22"]
[EventType "swiss"]
[EventCountry "IRL"]
[SourceTitle "playchess.com"]
[Source "ChessBase"]
[SourceQuality "1"]

{[%evp 9,65,6,20,19,21,12,16,12,19,27,26,22,18,23,37,35,45,47,45,34,36,31,41,18,31,32,49,37,86,89,98,98,91,100,122,122,166,187,184,191,157,155,368,380,404,293,257,269,593,588,666,666,1097,1054,777,666,29990,29990]} 1. c4 e5 2. Nc3 d6 3. d4 exd4 4. Qxd4 Nc6 5. Qd2 g6 6. b3 {A21: English Opening: 1...e5 2 Nc3} Bg7 7. Bb2 Nf6 8. e3 {The position is equal.} (8. g3 O-O 9. Bg2 Re8 10. Nh3 d5 11. cxd5 Bxh3 12. Bxh3 Nxd5 13. Nxd5 Bxb2 14. Rd1 Nd4 15. Qxb2 Qxd5 16. O-O Rad8 17. Bg2 Qe5 18. Kh1 Qxe2 {1-0 (58) Mamedyarov,S (2736)-Onischuk,V (2612) Berlin 2015}) 8... O-O 9. Nge2 a5 10. Nf4 Ne5 11. Be2 Bf5 $146 ({Predecessor:} 11... Bd7 12. a3 Bf5 13. Nfd5 Nfd7 {1-0 (27) Kazakovskiy,V (2342)-Laurusas,T (2441) Kaunas 2016}) 12. O-O Ne4 13. Nxe4 Bxe4 14. f3 Bc6 15. Rac1 b6 16. a3 Re8 17. Nd5 Ra7 18. e4 Bxd5 19. cxd5 Nd7 20. Bxg7 Kxg7 21. Bb5 Rf8 22. Rc3 {[%cal Bc1c3,Bc3e3,Be3e6][%mdl 32]} f5 {[#]} 23. exf5 $1 Rxf5 24. Re1 (24. Bxd7 $6 Qxd7 25. Re1 Ra8 $16) 24... Rf7 25. f4 ({Resist} 25. Bxd7 $6 Qxd7 26. Rc4 Kg8 $14) 25... Nc5 $2 (25... Ra8 $16 26. Re6 (26. Bxd7 Qxd7 27. Qd4+ Kg8 $14) 26... Kh8) 26. Rce3 $18 Qf6 27. b4 axb4 28. axb4 Nd7 $2 {[#]} (28... Qxf4 {is a better chance.} 29. g3 Qf6 30. bxc5 bxc5) 29. Bxd7 Rxd7 30. Re6 Qf5 31. Qd4+ Kh6 32. R6e3 ({Less strong is} 32. Re7 Rxe7 33. Rxe7 Qb1+ 34. Kf2 Ra2+ 35. Kg3 Qb3+ 36. Kh4 Qb2 $16) 32... g5 33. Rh3+ {Accuracy: White = 89%, Black = 29%.} 1-0

[Event "26th Bunratty Masters 2019"]
[Site "Bunratty"]
[Date "2019.02.23"]
[Round "3.5"]
[White "O'Donnell, Conor"]
[Black "Hebden, Mark L"]
[Result "0-1"]
[WhiteElo "2377"]
[BlackElo "2417"]
[Annotator "NA"]
[PlyCount "82"]
[EventDate "2019.02.22"]
[EventType "swiss"]
[EventCountry "IRL"]
[SourceTitle "playchess.com"]
[Source "ChessBase"]
[SourceQuality "1"]
[TimeControl "40/5400+30:900+30"]

1. d4 {[%emt 0:09:19]} Nf6 {[%emt 0:00:25]} 2. c4 {[%emt 0:00:21]} g6 {[%emt 0:01:05]} 3. Nc3 {[%emt 0:00:23]} Bg7 {[%emt 0:00:20]} 4. e4 {[%emt 0:00:24]} d6 {[%emt 0:00:19]} 5. f3 {[%emt 0:00:25]} O-O {[%emt 0:00:28]} 6. Be3 {[%emt 0:00:27]} c5 {[%emt 0:01:28]} 7. Nge2 {[%emt 0:00:39]} Nc6 {[%emt 0:01:30]} 8. d5 {[%emt 0:00:34]} Ne5 {[%emt 0:01:20]} 9. Ng3 {[%emt 0:00:40]} e6 {[%emt 0:00:40]} 10. Be2 {[%emt 0:02:13]} exd5 {[%emt 0:00:41]} 11. cxd5 {[%emt 0:00:35]} h5 {[%emt 0:00:33]} 12. O-O {[%emt 0:07:37]} Nh7 {[%emt 0:01:37]} 13. Qd2 {[%emt 0:03:10]} h4 {[%emt 0:10:30]} 14. Nh1 {[%emt 0:00:22]} f5 {[%emt 0:00:46]} 15. exf5 {[%emt 0:02:49]} gxf5 {[%emt 0:06:49]} 16. Nf2 {[%emt 0:01:29]} Bd7 {[%emt 0:01:52]} 17. a4 {[%emt 0:04:15]} Qf6 {[%emt 0:04:00]} 18. Nh3 {[%emt 0:04:06]} Rae8 {[%emt 0:03:08]} 19. Nf4 {[%emt 0:06:34]} Ng6 {[%emt 0:01:07]} 20. Nh5 {[%emt 0:20:32]} Qe7 {[%emt 0:04:14]} 21. Bh6 {[%emt 0:05:57]} Bxh6 {[%emt 0:03:44]} 22. Qxh6 {[%emt 0:00:22]} Qe3+ {[%emt 0:00:29]} 23. Qxe3 {[%emt 0:00:21]} Rxe3 {[%emt 0:00:19]} 24. Kf2 {[%emt 0:02:26]} Re7 {[%emt 0:03:38]} 25. Nb5 {[%emt 0:04:44]} f4 {[%emt 0:05:47]} 26. Rfe1 {[%emt 0:08:52]} Bxb5 {[%emt 0:02:08]} 27. axb5 {[%emt 0:01:30]} Ne5 {[%emt 0:06:29]} 28. g4 {[%emt 0:03:30]} fxg3+ {[%emt 0:03:55]} 29. hxg3 {[%emt 0:00:17]} Rf5 {[%emt 0:19:41]} 30. f4 {[%emt 0:01:07]} Rxh5 {[%emt 0:00:39]} 31. Bxh5 {[%emt 0:01:13]} Nd3+ {[%emt 0:00:23]} 32. Kf1 {[%emt 0:00:37]} Rxe1+ {[%emt 0:00:26]} 33. Rxe1 {[%emt 0:00:21]} Nxe1 {[%emt 0:00:19]} 34. Kxe1 {[%emt 0:00:31]} hxg3 {[%emt 0:00:54]} 35. Kf1 {[%emt 0:01:53]} Nf6 {[%emt 0:01:38]} 36. Bf3 {[%emt 0:00:21]} Ne8 {[%emt 0:00:29]} 37. Be2 {[%emt 0:01:40]} Nf6 {[%emt 0:00:55]} 38. Bf3 {[%emt 0:02:02]} Kg7 {[%emt 0:00:30]} 39. Kg2 {[%emt 0:00:26]} Kg6 {[%emt 0:00:20]} 40. Kxg3 {[%emt 0:00:24]} Kf5 {[%emt 0:00:21]} 41. Bg2 {[%emt 0:17:06]} Nh5+ {[%emt 0:15:36]} 0-1

[Event "26th Bunratty Masters 2019"]
[Site "Bunratty"]
[Date "2019.02.23"]
[Round "3.6"]
[White "Lalic, Bogdan"]
[Black "Fitzsimons, David"]
[Result "1/2-1/2"]
[WhiteElo "2406"]
[BlackElo "2301"]
[Annotator "NA"]
[PlyCount "29"]
[EventDate "2019.02.22"]
[EventType "swiss"]
[EventCountry "IRL"]
[SourceTitle "playchess.com"]
[Source "ChessBase"]
[SourceQuality "1"]
[TimeControl "40/5400+30:900+30"]

1. d4 {[%emt 0:12:03]} Nf6 {[%emt 0:00:06]} 2. c4 {[%emt 0:00:31]} e6 {[%emt 0:00:24]} 3. Nc3 {[%emt 0:00:20]} Bb4 {[%emt 0:00:19]} 4. Qc2 {[%emt 0:00:20]} d5 {[%emt 0:00:56]} 5. cxd5 {[%emt 0:01:03]} Qxd5 {[%emt 0:00:26]} 6. e3 {[%emt 0:01:58]} c5 {[%emt 0:00:26]} 7. Bd2 {[%emt 0:00:24]} Bxc3 {[%emt 0:00:33]} 8. Bxc3 {[%emt 0:00:24]} cxd4 {[%emt 0:00:23]} 9. Bxd4 {[%emt 0:00:21]} Nc6 {[%emt 0:00:37]} 10. Bxf6 {[%emt 0:01:31]} gxf6 {[%emt 0:00:20]} 11. Ne2 {[%emt 0:00:55]} Bd7 {[%emt 0:01:26]} 12. Nc3 {[%emt 0:00:29]} Qc5 {[%emt 0:02:10]} 13. Be2 {[%emt 0:05:19]} Rc8 {[%emt 0:03:39]} 14. O-O {[%emt 0:00:53]} O-O {[%emt 0:00:36]} 15. Rfd1 {[%emt 0:01:59]} 1/2-1/2

[Event "26th Bunratty Masters 2019"]
[Site "Bunratty"]
[Date "2019.02.23"]
[Round "4.1"]
[White "McShane, Luke J"]
[Black "Short, Nigel D"]
[Result "1/2-1/2"]
[WhiteElo "2663"]
[BlackElo "2648"]
[Annotator "TA"]
[PlyCount "73"]
[EventDate "2019.02.22"]
[EventType "swiss"]
[EventCountry "IRL"]
[SourceTitle "playchess.com"]
[Source "ChessBase"]
[SourceQuality "1"]

{[%evp 16,73,35,21,28,8,17,9,18,12,19,12,38,31,37,27,29,23,24,20,27,27,31,28,37,37,45,45,53,48,56,28,33,28,43,41,137,75,204,32,31,20,68,69,170,67,62,92,205,121,111,0,0,0,0,0,0,0,0,0]} 1. e4 e5 2. Nf3 Nc6 3. Bb5 a6 4. Ba4 Nf6 5. d3 d6 6. c3 g6 7. O-O Bg7 8. Re1 O-O 9. Nbd2 Re8 {C77: Ruy Lopez: 3...a6 4 Ba4 Nf6, unusual lines} (9... Nh5 10. Nf1 f5 11. Bb3+ Kh8 12. Ng5 Qf6 13. exf5 Bxf5 14. Be3 Nf4 15. Bxf4 exf4 16. Ne4 Bxe4 17. Rxe4 {½-½ (45) Carlsen,M (2835)-Shirov,A (2643) St Petersburg 2018}) 10. Nf1 h6 11. h3 b5 12. Bc2 d5 13. a4 {With the idea axb5.} Bb7 14. b4 $146 ({Predecessor:} 14. Qe2 d4 15. Bd2 {½-½ (55) Kosintseva,T (2496)-Koneru,H (2607) Beijing 2013}) 14... Nb8 15. Ng3 Nbd7 16. Be3 Qe7 17. Qb1 dxe4 18. dxe4 Nb6 19. Nd2 Nxa4 20. Bxa4 bxa4 21. Rxa4 h5 22. Ra5 Qe6 23. Nf3 Nh7 24. Nf1 Rad8 25. N1d2 f5 ({Black should play} 25... Nf8 $14) 26. exf5 ({Better is} 26. Bg5 $1) 26... gxf5 {[#]} (26... Qxf5 $16 27. b5 Qxb1 28. Rxb1 axb5) 27. Bf4 $2 (27. Bd4 $1 $18 {[%mdl 512]}) 27... Qg6 $1 $14 28. Qa2+ Kh8 29. Rexe5 Bxe5 (29... Rxe5 $14 30. Bxe5 Bxe5 31. Rxe5 Rg8) 30. Bxe5+ (30. Rxe5 $18 Nf6 31. Rxe8+ Rxe8 32. c4) 30... Rxe5 31. Rxe5 Ng5 (31... Rg8 $16 32. g3 f4) 32. Nh4 (32. Nxg5 $18 Qxg5 33. f3) 32... Nxh3+ $16 {[#]} 33. Kh2 (33. Kf1 $1 $16 Qg4 34. Qf7 {[%mdl 64] Double Attack} Qxh4 35. gxh3) 33... Qg4 $36 {[%mdl 2048] The position is equal. Black has the initiative.} 34. Qe6 {Black must now prevent Qf6+.} Qxh4 35. Qh6+ Kg8 36. Qg6+ {[%mdl 64] Double Attack} Kh8 {( -> ...Nf4+)} 37. Qh6+ {Accuracy: White = 39%, Black = 41%.} 1/2-1/2